BIBLIOTECA

SENCICO

Manual de edificación con tierra armada: diseño, cálculo y construcción con el sistema CET (Registro nro. 3496)

Detalles MARC
000 -LEADER
fixed length control field 00725nam a2200169Ia 4500
005 - DATE AND TIME OF LATEST TRANSACTION
control field 20251020182616.0
008 - FIXED-LENGTH DATA ELEMENTS--GENERAL INFORMATION
fixed length control field 200515s9999 xx 000 0 und d
082 ## - DEWEY DECIMAL CLASSIFICATION NUMBER
Classification number SC/693.33/O41
100 ## - MAIN ENTRY--PERSONAL NAME
Personal name OLARTE, Jorge Luis GUZMÁN, Evelin
245 #0 - TITLE STATEMENT
Title Manual de edificación con tierra armada: diseño, cálculo y construcción con el sistema CET
260 ## - PUBLICATION, DISTRIBUTION, ETC.
Place of publication, distribution, etc. Lima
260 ## - PUBLICATION, DISTRIBUTION, ETC.
Date of publication, distribution, etc. 1993
300 ## - PHYSICAL DESCRIPTION
Extent 147
520 ## - SUMMARY, ETC.
Summary, etc. Busca dar una alternativa para edificar utilizando como punto de partida las tecnologías vernáculas como el tapial y otros sistemas mixtos identificados en muchas zonas geográficas del mundo y tratando de adaptarlos a los conceptos del sistema que se anal
650 ## - SUBJECT ADDED ENTRY--TOPICAL TERM
Topical term or geographic name entry element CONSTRUCCIONES EN TIERRA
942 ## - ADDED ENTRY ELEMENTS (KOHA)
Koha item type Libros
Existencias
Fecha de la última vez que lo usaron Pago total Signatura topográfica completa Código de barras Precio efectivo desde Tipo de documento Estado perdido Estado dañado No es para préstamo Retirado Ubicación permanente Ubicación actual Fecha de adquisición
15/05/2020   SC/693.33/O41 Bib-Lima15053496 15/05/2020 Libros         Biblioteca Central Lima Biblioteca Central Lima 15/05/2020